Catálogo
 En Linea

3er. festival iberoamericano de teatro infantil y juvenil / (Registro nro. 45017)

Detalles MARC
000 -CABECERA
campo de control de longitud fija 00659nam a2200169 a 4500
001 - NÚMERO DE CONTROL
campo de control 000045528
005 - FECHA Y HORA DE LA ÚLTIMA TRANSACCIÓN
campo de control 20201002052311.0
008 - DATOS DE LONGITUD FIJA--INFORMACIÓN GENERAL
campo de control de longitud fija 150414s2012 dr ac 000 0 spa d
040 ## - FUENTE DE LA CATALOGACIÓN
Centro catalogador/agencia de origen DO-SdBNP
Lengua de catalogación spa
Centro/agencia transcriptor BNPHU
082 ## - NÚMERO DE LA CLASIFICACIÓN DECIMAL DEWEY
Número de clasificación xxxx
Número de documento/Ítem xxxx
111 1# - ENTRADA PRINCIPAL--NOMBRE DE CONGRESO/REUNIÓN
Nombre de congreso/reunión o jurisdicción como elemento de entrada Festival Iberoamericano de Teatro Infantil y Juvenil
Número del congreso/reunión o número de parte o sección (3ero. :
Fecha del congreso/reunión 1-18 nov. 2012
Sede del congreso/Lugar de la reunión Santo Domingo)
9 (RLIN) 73585
245 10 - MENCIÓN DE TÍTULO
Título 3er. festival iberoamericano de teatro infantil y juvenil /
Mención de responsabilidad, etc. Basilio Nova.
246 10 - FORMA VARIANTE DE TÍTULO
Título propio/Titulo breve Tercer festival iberoamericano de teatro infantil y juvenil
260 ## - PUBLICACIÓN, DISTRIBUCIÓN, ETC.
Lugar de publicación, distribución, etc. Santo Domingo :
Nombre del editor, distribuidor, etc. Fundación Teatro Cucara-Macara,
Fecha de publicación, distribución, etc. 2012.
300 ## - DESCRIPCIÓN FÍSICA
Extensión [20] p. :
Otras características físicas il. ;
Dimensiones 18 cm.
700 1# - PUNTO DE ACCESO ADICIONAL--NOMBRE DE PERSONA
Nombre de persona Nova, Basilio
9 (RLIN) 73586
Existencias
Estado de retiro Estado de pérdida No para préstamo Código de colección Localización permanente Ubicación/localización actual Ubicación en estantería Fecha de adquisición Número de inventario Total de préstamos Signatura topográfica completa Código de barras Fecha visto por última vez Precio válido a partir de Tipo de ítem Koha Número de copia
    Excluido de préstamo Patrimonio Dominicano Patrimonio Dominicano Patrimonio Dominicano En catalogación 14.04.2015 LF1   xxxx xxxx 45528-10 25.06.2020 25.06.2020 Libro y Folleto Colección Patrimonio Dominicano  
    Excluido de préstamo Patrimonio Dominicano Patrimonio Dominicano Patrimonio Dominicano En catalogación 14.04.2015 LF1   xxxx xxxx 45528-20 25.06.2020 25.06.2020 Libro y Folleto Colección Patrimonio Dominicano e. 2

Con tecnología Koha